| 000 | 00464nam a2200157Ia 4500 | ||
|---|---|---|---|
| 003 | SGT | ||
| 020 | _a139780070598973 | ||
| 082 | _a005.1,RAM | ||
| 100 | _aRAMESH GOPALSWAMY | ||
| 245 | _aManaging global software projects | ||
| 260 |
_bTata McGraw Hill Education Private Limited _aNew Delhi _c2002 |
||
| 300 | _a364p. | ||
| 650 | _aCOMPUTER SCIENCE | ||
| 653 | _aCOMPUTER PROGRAMMING, PROGRAMS & DATA, SOFTWARE PROJECT, SOFTWARE CONFIGURATION, | ||
| 942 |
_2ddc _cBK |
||
| 999 |
_c5416 _d5416 |
||